000 00436nam a2200157Ia 4500
008 210716s2011 xx 000 0 und d
020 _a9788132105633
041 _aeng
082 _a658.4092 CHAR
100 _aChaudhry, Ravi.
245 _aQuest for exceptional leadership: mirage to reality.
_bMirage to reality.
250 _a2
260 _aNew Delhi
_bSage Publications
_c2011
300 _axxi,263/2016
650 _aLeadership
999 _c211429
_d211429